| 000 | 00743nam a2200241 a 4500 | ||
|---|---|---|---|
| 001 | 66589 | ||
| 003 | BD-RjUL | ||
| 005 | 20211209081546.0 | ||
| 008 | 860606s1986 nyua b 001 0 eng | ||
| 020 |
_a0471011460 : _c$49.95 (est.) |
||
| 035 | _a(BD-RjUL)66719 | ||
| 040 |
_aDLC _cDLC _dDLC _dBD-RjUL _beng |
||
| 041 | _aeng | ||
| 082 | 0 | 0 |
_223 _a612.01448 _bATI 1986 |
| 100 | 1 |
_aAttix, Frank H. _9197113 |
|
| 245 | 1 | 0 |
_aIntroduction to radiological physics and radiation dosimetry / _cFrank Herbert Attix. |
| 260 |
_aNew York : _bWiley, _cc1986. |
||
| 300 |
_axxi, 607 p. : _bill. ; _c24 cm. |
||
| 500 | _a"A Wiley-Interscience publication." | ||
| 504 | _aIncludes Bibliography and index | ||
| 650 | 0 |
_aRadiation _9197114 |
|
| 942 |
_2ddc _cBK |
||
| 999 |
_c66589 _d66589 |
||